عرض عادي
عرض مارك
- Deafblind women
مدخل مصطلح موضوعي
001 - رقم الضبط
- حقل الضبط: 38335
003 - معرف رقم الضبط
- حقل الضبط: OSt
005 - تاريخ ووقت أخر عملية
- حقل الضبط: 20131026180347.0
008 - عناصر بيانات ثابتة الطول
- حقل تحكم ثابت الطول: 131026|||a|||||| | ||| d
040 ## - مصدر الفهرسة
- هيئة الفهرسة الأصلية: OSt
- وكالة الكتابة: OSt
150 ## - مدخل-- مصطلح تاريخي
- عنصر مدخل المصطلح الموضوعي او الاسم الجغرافي: Deafblind women
- تفريع جغرافي: United States
- تفريع شكلي: Biography
- تفريع شكلي: Juvenile literature.
670 ## - بيانات المصدر موجوده
- الاستشهاد بالمصدر: Work cat.: (OSt)0: Thompson, Gare. 38331, Who was Helen Keller /, c2003.
